000 00448nam a2200157 i 4500
001 95813
003 ES-MaACL
005 20230906181758.0
007 t|
008 050606s1948 xxk ||||1| eng d
100 1 _aMacDonald, Inez Isabel.
_975114
245 1 0 _aDon Fernando de Antequera /
_cby Inez Isabel MacDonald.
260 _aOxford :
_bThe Dolphin Book,
_c1948.
300 _a237 p. :
_bil. ;
_c22 cm.
852 _aES-MaACL
_jD-8057
_bR.29840
999 _c95813
_d95813